Anales de la Academia Nacional de Derecho y Ciencias Sociales de Córdoba (Registro nro. 8381)
[ vista simple ]
| 000 -LEADER | |
|---|---|
| fixed length control field | 00722nas a2200205 454500 |
| 001 - CONTROL NUMBER | |
| control field | 1546 |
| 005 - DATE AND TIME OF LATEST TRANSACTION | |
| control field | 20260407193503.0 |
| 008 - FIXED-LENGTH DATA ELEMENTS--GENERAL INFORMATION | |
| fixed length control field | 260407s1997####ag###########|||spa#d |
| 003 - CONTROL NUMBER IDENTIFIER | |
| control field | AR-UNSa-BCEJYS |
| 040 ## - CATALOGING SOURCE | |
| Original cataloging agency | AR-UNSa-BCEJYS |
| Language of cataloging | spa |
| Transcribing agency | AR-UNSa-BCEJYS |
| 080 ## - UNIVERSAL DECIMAL CLASSIFICATION NUMBER | |
| Universal Decimal Classification number | 34 |
| Common auxiliary subdivision | Derecho |
| 100 1# - MAIN ENTRY--PERSONAL NAME | |
| Personal name | Andruet, Armando S. |
| 245 10 - TITLE STATEMENT | |
| Title | Anales de la Academia Nacional de Derecho y Ciencias Sociales de Córdoba |
| 264 #1 - PRODUCTION, PUBLICATION, DISTRIBUTION, MANUFACTURE, AND COPYRIGHT NOTICE | |
| Place of production, publication, distribution, manufacture | Córdoba : |
| Name of producer, publisher, distributor, manufacturer | Academia Nacional de Derecho y Ciencias Sociales de Córdoba |
| Date of production, publication, distribution, manufacture, or copyright notice | 1997 |
| 310 ## - CURRENT PUBLICATION FREQUENCY | |
| Current publication frequency | Perioricidad: Anual |
| 590 ## - LOCAL NOTE (RLIN) | |
| Local note | niveau_biblio:s niveau_hierar:1 |
| 650 ## - SUBJECT ADDED ENTRY--TOPICAL TERM | |
| Topical term or geographic name entry element | Derecho |
| 856 41 - ELECTRONIC LOCATION AND ACCESS | |
| Uniform Resource Identifier | <a href="https://biblioeco.unsa.edu.ar/pmb/images/revistas/ANALES (cordoba).jpg">https://biblioeco.unsa.edu.ar/pmb/images/revistas/ANALES (cordoba).jpg</a> |
| Link text | Imagen de portada |
| Electronic format type | image/jpeg |
| 942 ## - ADDED ENTRY ELEMENTS (KOHA) | |
| Koha item type | |
| Withdrawn status | Lost status | Damaged status | Not for loan | Home library | Current library | Shelving location | Date acquired | Serial enumeration / chronology | Total checkouts | Full call number | Barcode | Date last seen | Price effective from | Koha item type |
|---|---|---|---|---|---|---|---|---|---|---|---|---|---|---|
| Biblioteca Prof. Eusebio Cleto del Rey | Biblioteca Prof. Eusebio Cleto del Rey | 01/06/2013 | LI - 2012 | H34 ANA 51 | R12142 | 10/04/2026 | 10/04/2026 | Numero | ||||||
| Biblioteca Prof. Eusebio Cleto del Rey | Biblioteca Prof. Eusebio Cleto del Rey | 01/08/2012 | L - 2011 | H34 ANA 50 | R05969 | 10/04/2026 | 10/04/2026 | Numero | ||||||
| Biblioteca Prof. Eusebio Cleto del Rey | Biblioteca Prof. Eusebio Cleto del Rey | 01/09/2011 | XLIX - 2010 | H34 ANA 49 | R03504 | 10/04/2026 | 10/04/2026 | Numero | ||||||
| Biblioteca Prof. Eusebio Cleto del Rey | Biblioteca Prof. Eusebio Cleto del Rey | 01/12/2010 | XLVIII - 2009 | H34 ANA 48 | R03032 | 10/04/2026 | 10/04/2026 | Numero | ||||||
| Biblioteca Prof. Eusebio Cleto del Rey | Biblioteca Prof. Eusebio Cleto del Rey | 01/06/2008 | XLVI - 2007 | H34 ANA 46 | R03046 | 10/04/2026 | 10/04/2026 | Numero | ||||||
| Biblioteca Prof. Eusebio Cleto del Rey | Biblioteca Prof. Eusebio Cleto del Rey | 01/07/2007 | XLV - 2006 | H34 ANA 45 | R03044 | 10/04/2026 | 10/04/2026 | Numero | ||||||
| Biblioteca Prof. Eusebio Cleto del Rey | Biblioteca Prof. Eusebio Cleto del Rey | 01/08/2006 | XLIV - 2005 | H34 ANA 44 | R03043 | 10/04/2026 | 10/04/2026 | Numero | ||||||
| Biblioteca Prof. Eusebio Cleto del Rey | Biblioteca Prof. Eusebio Cleto del Rey | 01/05/2005 | XLIII - 2004 | H34 ANA 43 | R01367 | 10/04/2026 | 10/04/2026 | Numero | ||||||
| Biblioteca Prof. Eusebio Cleto del Rey | Biblioteca Prof. Eusebio Cleto del Rey | 01/04/2004 | XLII - 2003 | H34 ANA 42 | R03983 | 10/04/2026 | 10/04/2026 | Numero | ||||||
| Biblioteca Prof. Eusebio Cleto del Rey | Biblioteca Prof. Eusebio Cleto del Rey | 01/04/2003 | XLI - 2002 | H34 ANA 41 | R03503 | 10/04/2026 | 10/04/2026 | Numero | ||||||
| Biblioteca Prof. Eusebio Cleto del Rey | Biblioteca Prof. Eusebio Cleto del Rey | 01/05/2002 | XL - 2001 | H34 ANA 40 | R01569 | 10/04/2026 | 10/04/2026 | Numero | ||||||
| Biblioteca Prof. Eusebio Cleto del Rey | Biblioteca Prof. Eusebio Cleto del Rey | 02/05/2001 | XXXIX/2 - 2000 | H34 ANA 39/2 | R14145 | 10/04/2026 | 10/04/2026 | Numero | ||||||
| Biblioteca Prof. Eusebio Cleto del Rey | Biblioteca Prof. Eusebio Cleto del Rey | 01/05/2001 | XXXIX/1 - 2000 | H34 ANA 39/1 | R14144 | 10/04/2026 | 10/04/2026 | Numero | ||||||
| Biblioteca Prof. Eusebio Cleto del Rey | Biblioteca Prof. Eusebio Cleto del Rey | 01/07/1999 | XXXVII - 1998 | H34 ANA 37 | R03988 | 10/04/2026 | 10/04/2026 | Numero | ||||||
| Biblioteca Prof. Eusebio Cleto del Rey | Biblioteca Prof. Eusebio Cleto del Rey | 01/05/1998 | XXXVI - 1997 | H34 ANA 36 | R03045 | 10/04/2026 | 10/04/2026 | Numero | ||||||
| Biblioteca Prof. Eusebio Cleto del Rey | Biblioteca Prof. Eusebio Cleto del Rey | 01/01/1992 | XXXI - 1992 | H34 ANA 31 | R10206 | 10/04/2026 | 10/04/2026 | Numero |